|
|
|
|
| LEADER |
00000cam a22000004a 4500 |
| 001 |
musev2_35229 |
| 003 |
MdBmJHUP |
| 005 |
20230905043716.0 |
| 006 |
m o d |
| 007 |
cr||||||||nn|n |
| 008 |
141001t20142014mau o 00 0 eng d |
| 020 |
|
|
|a 9780262319867
|
| 020 |
|
|
|z 9780262027878
|
| 020 |
|
|
|z 0262319861
|
| 020 |
|
|
|z 0262027879
|
| 035 |
|
|
|a (OCoLC)891852671
|
| 040 |
|
|
|a MdBmJHUP
|c MdBmJHUP
|
| 100 |
1 |
|
|a Peled, Alon,
|d 1962-
|
| 245 |
1 |
0 |
|a Traversing Digital Babel :
|b Information, E-Government, and Exchange /
|c Alon Peled.
|
| 264 |
|
1 |
|a Cambridge, Massachusetts :
|b The MIT Press,
|c [2014]
|
| 264 |
|
3 |
|a Baltimore, Md. :
|b Project MUSE,
|c 2014
|
| 264 |
|
4 |
|c ©[2014]
|
| 300 |
|
|
|a 1 online resource (296 pages):
|b illustrations
|
| 336 |
|
|
|a text
|b txt
|2 rdacontent
|
| 337 |
|
|
|a computer
|b c
|2 rdamedia
|
| 338 |
|
|
|a online resource
|b cr
|2 rdacarrier
|
| 490 |
0 |
|
|a Information Policy Series
|
| 505 |
0 |
|
|a The information sharing crisis that does not go away -- Coerce, consent, and coax : existing information sharing approaches -- Why open data finds closed agencies' doors -- How data trade opens agencies' closed doors -- Public sector data as a contested commodity -- The Public Sector Information Exchange (PSIE) -- Four PSIE challenges -- A political strategy to promote PSIE.
|
| 520 |
8 |
|
|a Alon Peled offers a groundbreaking approach for enabling information sharing among public sector agencies: using selective incentives to 'nudge' agencies to exchange information assets.
|
| 588 |
|
|
|a Description based on print version record.
|
| 650 |
|
7 |
|a Intergovernmental cooperation.
|2 fast
|0 (OCoLC)fst00976270
|
| 650 |
|
7 |
|a Interagency coordination.
|2 fast
|0 (OCoLC)fst01739579
|
| 650 |
|
7 |
|a Information policy.
|2 fast
|0 (OCoLC)fst00972596
|
| 650 |
|
7 |
|a Government information.
|2 fast
|0 (OCoLC)fst00945364
|
| 650 |
|
7 |
|a Electronic government information.
|2 fast
|0 (OCoLC)fst00907235
|
| 650 |
|
7 |
|a BUSINESS & ECONOMICS
|x Industries
|x Media & Communications.
|2 bisacsh
|
| 650 |
|
7 |
|a LANGUAGE ARTS & DISCIPLINES
|x Library & Information Science
|x General.
|2 bisacsh
|
| 650 |
|
6 |
|a Information
|x Politique gouvernementale.
|
| 650 |
|
6 |
|a Information sur l'État
|x Aspect economique.
|
| 650 |
|
6 |
|a Cooperation intergouvernementale.
|
| 650 |
|
6 |
|a Coordination interinstitutionnelle.
|
| 650 |
|
6 |
|a Information sur l'État.
|
| 650 |
|
0 |
|a Information policy.
|
| 650 |
|
0 |
|a Government information
|x Economic aspects.
|
| 650 |
|
0 |
|a Intergovernmental cooperation.
|
| 650 |
|
0 |
|a Interagency coordination.
|
| 650 |
|
0 |
|a Electronic government information.
|
| 650 |
|
0 |
|a Government information.
|
| 655 |
|
7 |
|a Electronic books.
|2 local
|
| 710 |
2 |
|
|a Project Muse.
|e distributor
|
| 830 |
|
0 |
|a Book collections on Project MUSE.
|
| 856 |
4 |
0 |
|z Texto completo
|u https://projectmuse.uam.elogim.com/book/35229/
|
| 945 |
|
|
|a Project MUSE - Custom Collection
|
| 945 |
|
|
|a Project MUSE - 2014 Political Science and Policy Studies
|
| 945 |
|
|
|a Project MUSE - 2014 Complete
|